Increasing supply within the social rented sector (Record no. 111720)
[ view plain ]
| 000 -LEADER | |
|---|---|
| fixed length control field | 01524cad a22002415a 4500 |
| 001 - CONTROL NUMBER | |
| control field | L151902 |
| 008 - FIXED-LENGTH DATA ELEMENTS--GENERAL INFORMATION | |
| fixed length control field | 101220s2010 xxk f 000 0 eng d |
| 020 ## - INTERNATIONAL STANDARD BOOK NUMBER | |
| International Standard Book Number | 9781859357880 |
| 035 ## - SYSTEM CONTROL NUMBER | |
| System control number | (Sirsi) u151902 |
| 041 0# - LANGUAGE CODE | |
| Language code of text/sound track or separate title | eng |
| 050 04 - LIBRARY OF CONGRESS CALL NUMBER | |
| Classification number | 306.1 $2 18 |
| 100 1# - MAIN ENTRY--PERSONAL NAME | |
| Personal name | Hall, David |
| 245 00 - TITLE STATEMENT | |
| Title | Increasing supply within the social rented sector |
| Medium | electronic resource] |
| 260 ## - PUBLICATION, DISTRIBUTION, ETC. | |
| Place of publication, distribution, etc. | York |
| Name of publisher, distributor, etc. | Joseph Rowntree |
| Date of publication, distribution, etc. | 2010 |
| 505 2# - FORMATTED CONTENTS NOTE | |
| Formatted contents note | In-house funding mechanisms -- In practice existing social funding mechanisms -- Impact of hte credit crunch on the funding of new social housing -- Alternative international funding models - Near market renting |
| 520 ## - SUMMARY, ETC. | |
| Summary, etc. | The principles and practice of funding for new social housing (Council and Housing Association) over the last decade, an assessment of the Credit Crunch and recession on existing funding mechanisms for social housing. Consideration of viability of existing funding mechanisms and whether recent financial economic problems have permanently or temporarily affected the exisitng funding model. Research commissioned as part of the Joseph Rowntree Foundation's Housing Market Taskforce set up to promote policies aimed at reducing housing market volatility. |
| 590 ## - LOCAL NOTE (RLIN) | |
| Local note | KA |
| 651 #4 - SUBJECT ADDED ENTRY--GEOGRAPHIC NAME | |
| Geographic name | United Kingdom |
| Chronological subdivision | |
| 690 ## - LOCAL SUBJECT ADDED ENTRY--TOPICAL TERM (OCLC, RLIN) | |
| Topical term or geographic name as entry element | PROPERTY-RESIDENTIAL PROPERTY-DOMESTIC RESIDENTIAL PROPERTY-HOUSING |
| 700 1# - ADDED ENTRY--PERSONAL NAME | |
| Personal name | Gibb, Kenneth |
| 856 40 - ELECTRONIC LOCATION AND ACCESS | |
| Uniform Resource Identifier | <a href="https://www.jrf.org.uk/sites/files/jrf/social-rented-sector-supply-full.pdf">https://www.jrf.org.uk/sites/files/jrf/social-rented-sector-supply-full.pdf</a> |
| Public note | View this item free of charge at www.jrf.org.uk |
| 942 ## - ADDED ENTRY ELEMENTS (KOHA) | |
| Suppress in OPAC | 0 |
| Withdrawn status | Lost status | Source of classification or shelving scheme | Damaged status | Not for loan | Home library | Current library | Shelving location | Date acquired | Total Checkouts | Full call number | Barcode | Date last seen | Copy number | Price effective from | Koha item type |
|---|---|---|---|---|---|---|---|---|---|---|---|---|---|---|---|
| Dewey Decimal Classification | Virtual | Virtual | Online | 20/12/2010 | ONLINE PUBLICATION | 151902-2001 | 06/08/2019 | 1 | 06/08/2019 | Book |